| 000 | 00000nam##2200000za#4500 |
| 001 | 9.696356 |
| 003 | CaOODSP |
| 005 | 20210624235009 |
| 007 | cr ||||||||||| |
| 008 | 150407|1997||||xxc|||||o f|0| 0 eng|d |
| 040 | |aCaOODSP|beng |
| 043 | |an-cn--- |
| 086 | 1 |aH39-228/1997E-PDF |
| 110 | 1 |aCanada. |bHealth Canada. |
| 245 | 10|aBreastfeeding : |h[electronic resource]|ba selected bibliography and resource guide / |c[by Susan Hodges]. |
| 260 | |aOttawa - Ontario : |bHealth Canada |cc1997. |
| 300 | |a62p. |
| 500 | |a"Breastfeeding friendly, anytime, anywhere"--p.1 of 62. The catalogue number (H39-228/1997E) and ISBN (0-662-25830-4) for the print edition have been incorrectly copied in this electronic publication. |
| 590 | |a12-30-Supp|b2012-06-28 |
| 690 | 07|aBibliographies|2gcpds |
| 690 | 07|aInfant nutrition|2gcpds |
| 720 | 1 |aHodges, Susan |
| 775 | 08|tAllaitement maternel : |w(CaOODSP)9.640473 |
| 776 | 0#|tBreast-feeding: a selected bibliography and resource guide / |w(CaOODSP)9.646618 |
| 856 | 40|ahttp://publications.gc.ca|qPDF|s569 KB|uhttps://publications.gc.ca/collections/Collection/H39-228-1997E.pdf |